000 00594nam a22002177a 4500
003 BPGM
005 20260627220044.0
008 260627b2005 mx d|||| |||| 001 0 spa d
020 _aSIN ISBN
040 _aBPGM
_bspa
082 0 4 _aPTM / 510
100 _aSANTOS TREJO, MARIA HERLINDA.
245 _aLA RAZON AUREA
260 _aMEXICO;
_bESCUELA DE BACHILLERES UAQ.
_c2005.
300 _a72 paginas,
_c21.3 cm x 13.7 cm.
336 _2rdacontent
_atexto
_btxt
337 _2rdamedia
_asin mediación
_bn
338 _2rdacarrier
_avolumen
_bnc
650 _2MATEMATICAS
942 _2ddc
_cCOLQ
999 _c68701
_d68701